000 00697nam a2200217Ia 4500
003 GCL
008 140319s9999 xx 000 0 ara d
040 _aGCL /
_cGCL
082 0 4 _a842
_bك س
100 1 _aكورنى , بيير
245 1 0 _aسنا: ماساة /
_cكورنى , بيير
700 1 _aخليل شرف الدين
700 1 _aيوسف محمد رضا
260 _a[S.N] :
_bدار الكتاب اللبنانى ،
_c1970
300 _a226 ص
490 _aروائع الادب الفرنسى الكلاكسيكى
_v0
650 0 4 _aالمسرح الفرنسى
650 0 4 _aالادب الفرنسى
650 0 4 _aالمسرحيات الفرنسية
942 _2ddc
_cBK
999 _c34565
_d34565